000 00365 a2200109 4500
001 ART_40473
005 20260410162013.0
008 260409a
245 1 0 _aLa responsabilidad del Estado. Los déficit de la ley 26944
100 1 _aBalbín, Carlos Francisco
773 0 _tTemas de derecho administrativo
_g- Año 1, Nº 10 (oct. 2016)
_wREV40468
999 _c32354
_d32354